Statistics for Groups of Thirteen Quiz

Click here to take the quiz!

General Stats

  • This quiz has been taken 837 times
  • The average score is 67 of 117

Answer Stats

Answer% Correct
Brazil
89%
Jesus
89%
Argentina
88%
Paraguay
87%
Chile
87%
Venezuela
86%
Cuba
86%
Bolivia
85%
Ecuador
84%
Peru
84%
Uruguay
84%
United Kingdom of Great Britain and Northern Ireland
83%
Haiti
82%
Guyana
82%
Colombia
82%
Jamaica
82%
Bahamas
81%
Dominica
81%
Suriname
81%
Judas Iscariot
80%
Fiji
80%
John
78%
Hillary Clinton
77%
Dominican Republic
77%
Kingdom of Sweden
76%
Kingdom of Spain
76%
St. Kitts and Nevis
76%
New Zealand
76%
Barbados
76%
Antigua and Barbuda
75%
Trinidad and Tobago
74%
Kingdom of Denmark
74%
Peter
74%
New York
74%
Kingdom of Norway
74%
St. Lucia
73%
Quebec
73%
Virginia
71%
Samoa
71%
Tuvalu
71%
Nauru
70%
Marshall Islands
70%
Ontario
70%
St. Vincent and the Grenadines
70%
Kingdom of Belgium
70%
Principality of Monaco
70%
F.S. of Micronesia
69%
Grand Duchy of Luxembourg
69%
Kingdom of the Netherlands
69%
Palau
69%
Solomon Islands
69%
Matthew
68%
New Jersey
68%
Rhode Island
68%
Tonga
67%
Vanuatu
67%
Massachusetts
67%
Pennsylvania
67%
Delaware
67%
Maryland
66%
North Carolina
66%
South Carolina
65%
Connecticut
65%
Kiribati
65%
Grenada
65%
Alberta
65%
New Hampshire
64%
Georgia
63%
Newfoundland and Labrador
63%
Principality of Andorra
62%
British Columbia
61%
Papua New Guinea
59%
Nova Scotia
57%
the Holy See
56%
Prince Edward Island
54%
Bernie Sanders
54%
Principality of Liechtenstein
53%
Thomas
53%
James
53%
Saskatchewan
51%
Rand Paul
51%
Yukon
51%
Manitoba
49%
Simon
47%
Andrew
46%
New Brunswick
42%
Sovereign Military Order of Malta
37%
Ted Cruz
37%
Nunavut
36%
Northwest Territories
35%
French Guiana
35%
Bartholomew
34%
Jeb Bush
33%
Philip
32%
Normandy
32%
Brittany
30%
Marco Rubio
27%
Ben Carson
22%
Île-de-France
19%
Burgundy-Franche-Comté
17%
Thaddaeus
17%
Chris Christie
15%
John Kasich
13%
Carly Fiorina
11%
New Aquitaine
10%
Corsica
10%
Mike Huckabee
9%
Centre-Val-de-Loire
8%
Grand-Est
8%
Provence-Alpes-Côte d'Azur
8%
Occitania
7%
Hauts-de-France
7%
Auvergne-Rhône-Alpes
7%
Rick Santorum
6%
Pays de la Loire
6%
Jim Gilmore
3%

Score Distribution

Percentile by Number Answered

Percent of People with Each Score

Your Score History

You have not taken this quiz